000 00704na a2200253 4500
001 14922
003 MIRAKIL
005 20181213154908.0
008 161025b tu 000 0
020 _a9786058868885
035 _a14922
040 _aMilas
_btur
_cTR-AnCHP
041 _atur
082 _a928 Şahin,O.
_bO65s 2011
090 _a928 Şahin,O. O65s 2011
100 _aOsman, Şahin
_d1940 -
245 _aSon yörük
_cOsman Şahin
260 _aİstanbul
_bBilim+Gönül
_c2011
300 _a299 s.
_bfotg.
_c21 sm.
500 _aOktay Sinanoğlu önsöz ve söyleşisi ile.
600 _aŞahin, Osman
_xArmağan kitaplar
650 _aTürk edebiyatı
_xRoman
942 _2ddc
_cBKS
999 _c2753
_d2753